000 00848nam0a2200253 4500
001 v19\rc\2086896
005 20260405165850.0
035 _a(NLR Aleph) 005157003
090 _a4953319
_c4953319
100 _a20081218d1913 |||y0rusy50 ca
101 1 _arus
_cger
102 _aRU
105 _ay z |||||
200 1 _aПриключения принца Махмеда
_e[перевод]
210 _aОдесса
_d1913
225 1 _aДетская библиотека типографии А. М. Швейцера
_v№ 20
316 _aЭкз. РНБ утрачен
_5NLR
700 1 _8rus
_7ca
_aГофман
_bФ.
_f1814-1882
_gФранц
_3RU\NLR\AUTH\7771736
_954664
801 0 _aRU
_bNLR
_gpsbo
801 1 _aRU
_bProSoft-M
_2rusmarc
852 _aNLR
_j37.38.11.10(№ 20)
942 _cBOOK
980 _aNB